<?xml version="1.0" encoding="UTF-8"?>
<collection xmlns="http://www.loc.gov/MARC21/slim">
 <record>
  <leader>01310nam a2200193 a 4500</leader>
  <controlfield tag="001">1/28627</controlfield>
  <controlfield tag="008">051011s1997    lu     g c   o00110 gre  </controlfield>
  <datafield tag="020" ind1=" " ind2=" ">
   <subfield code="a">9282798321</subfield>
  </datafield>
  <datafield tag="035" ind1=" " ind2=" ">
   <subfield code="l">30551</subfield>
  </datafield>
  <datafield tag="082" ind1="0" ind2="0">
   <subfield code="a">ΚΕΤ 320.011 LEI</subfield>
  </datafield>
  <datafield tag="100" ind1="1" ind2=" ">
   <subfield code="a">Leijenaar, Monique.</subfield>
  </datafield>
  <datafield tag="245" ind1="1" ind2="0">
   <subfield code="a">Πώς να προωθηθεί η ισορροπία των δύο φύλων στα κέντρα λήψης πολιτικών αποφάσεων:</subfield>
   <subfield code="b">οδηγός για την εφαρμογή πολιτικών με στόχο την προώθηση της συμμετοχής των γυναικών στη λήψη πολιτικών αποφάσεων/</subfield>
   <subfield code="c">Monique Leijenaar, Ευρωπαϊκή Επιτροπή.</subfield>
  </datafield>
  <datafield tag="260" ind1="0" ind2=" ">
   <subfield code="a">Λουξεμβούργο:</subfield>
   <subfield code="b">Υπηρεσία Επισήμων Εκδόσεων των Ευρωπαϊκών Κοινοτήτων,</subfield>
   <subfield code="c">1997</subfield>
  </datafield>
  <datafield tag="300" ind1=" " ind2=" ">
   <subfield code="a">96 σ.:</subfield>
   <subfield code="c">30 εκ.</subfield>
  </datafield>
  <datafield tag="490" ind1="1" ind2=" ">
   <subfield code="a">Απασχόληση και κοινωνικές υποθέσεις ;</subfield>
  </datafield>
  <datafield tag="650" ind1=" " ind2="4">
   <subfield code="a">Φυλετικές διακρίσεις</subfield>
   <subfield code="x">Πολιτικές απόψεις.</subfield>
  </datafield>
  <datafield tag="710" ind1="2" ind2=" ">
   <subfield code="a">European Commission.</subfield>
  </datafield>
  <datafield tag="830" ind1=" " ind2=" ">
   <subfield code="a">Απασχόληση και κοινωνικές υποθέσεις.</subfield>
  </datafield>
  <datafield tag="852" ind1=" " ind2=" ">
   <subfield code="a">INST</subfield>
   <subfield code="b">UNIPILB</subfield>
   <subfield code="c">KET</subfield>
   <subfield code="e">20051011</subfield>
   <subfield code="h">ΚΕΤ 320.011 LEI</subfield>
   <subfield code="p">00145305</subfield>
   <subfield code="q">00145305</subfield>
   <subfield code="t">LOAN</subfield>
   <subfield code="y">0</subfield>
   <subfield code="4">1</subfield>
  </datafield>
 </record>
</collection>
